000 02079nam0a22003371 4500
001 v19\rc\1318824
005 20250618034859.0
035 _a(NLR Aleph) 004473956
090 _a4574531
_c4574531
100 _a20060512d1828 |||y0rusy50 ca
101 1 _arus
_cchu
102 _aRU
105 _ay z |||||
200 1 _aПредсказание о падении турецкого царства аравийского звездослова Муста-Эддына
_eНапеч. в первый раз в С.-Петербурге 1789 г. на слав. яз., а ныне с оного для удобнейшего понятия на рус. яз. прелож.
_f[Пер. коллежск. ассесора К.Ф.Б.]
210 _aМосква
_cтип. Августа Семена
_d1828
215 _a12 с.
_d16
300 _aВ последующих изд. загл.: Предсказание о падении турецкого царства аравийским звездослова Муста-Эддыном, напечатанное в первый раз в С.-Петербурге 1789 года
300 _aИзд. также под загл. "Предречение о падении"; "Любопытное предсказание о падении"
451 0 _12001#$aПредречение о падении
_tПредречение о падении
451 0 _12001#$aЛюбопытное предсказание о падении
_tЛюбопытное предсказание о падении
517 0 _aПредсказание о падении турецкого царства аравийским звездослова Муста-Эддыном, напечатанное в первый раз в С.-Петербурге 1789 года
702 0 _aМуста-Эддын
_4570
801 0 _aRU
_bNLR
_gpsbo
801 0 _aRU
_bRuMoRGB
_2psbo
801 1 _aRU
_bProSoft-M
_2rusmarc
852 _aNLR
_j18.100.4.34
899 _aRuMoRGB
_jМК
899 _aНБ СПбГУ
899 _aГПИБ
942 _cBOOK
980 _aNB